Detalles MARC
| 000 -LEADER |
| fixed length control field |
01896nam a2200193 a 4500 |
| 008 - CAMPO DE CONTROL (LIBRO) |
| fixed length control field |
180205e2014 sp ||||g |||| 00| 0 spa d |
| 020 ## - INTERNATIONAL STANDARD BOOK NUMBER |
| ISBN |
9788498386134 |
| 041 ## - CODIGO DE IDIOMA |
| Código de idioma del texto/pista de sonido o título separado |
spa |
| 092 ## - SIGNATURA TOPOGRAFICA DEWEY LOCAL |
| número de clasificación |
808 |
| libristica |
68 |
| sección |
PRE |
| 100 #1 - ENTRADA PRINCIPAL--NOMBRE PERSONAL |
| Nombre personal |
Predicatori, Paola |
| 9 (RLIN) |
4366 |
| 245 #3 - TITULO PROPIAMENTE DICHO |
| Título |
La lluvia en tu habitación/ |
| Mención de responsabilidad y remanente de la transcripción de la portada |
Paola Predicatori |
| 250 ## - MENCION DE EDICION |
| Mención de edición |
2a ed. |
| Mención de responsabilidad relacionada con la ed. |
Traducción Patricia Orts |
| 260 ## - PIE DE IMPRENTA |
| Lugar de publicación, distribución, etc |
Barcelona: |
| Nombre de la editorial, distribuidor, etc |
Salamandra; |
| Fecha de publicación |
2014. |
| 300 ## - DESCRIPCION FISICA |
| Extension |
220 p. |
| 500 ## - NOTA GENERAL |
| Nota general |
Predicatori, P. (2014). La lluvia en tu habitación. (2a ed.). Barcelona : Salamandra. |
| 505 ## - NOTA DE CONTENIDO |
| Nota de contenido formateada |
A sus diecisiete años, Alessandra ha vivido una de las experiencias más dolorosas: el cáncer se ha llevado a su madre y ahora se encuentra entre la aceptación de una pérdida insoportable y un agudo sentimiento de abandono. Al reincorporarse a la escuela, en un impulso se sienta en el último pupitre junto a Gabriele, ese chico al que todos los alumnos llaman Cero: cero palabras, cero estilo, cero notas. Un tipo silencioso, solitario e ignorado por todos, el gran perdedor de la clase, aunque él no parece darse por aludido. Alessandra se concierte así en la nueva habitante de Cerolandia, el país de la nada, de las sombras, del olvido. Cero acoge a Alessandra con una indiferencia que ella agradece, aunque, poco a poco, esa indiferencia va suscitando en ella una curiosidad tan irresistible como insidiosa, pues interfiere en su dolor y llama a la puerta de su obstinada soledad. Cero es, por supuesto, más interesante de lo que parece, con su eterno mutismo, sus repetidas e inoportunas ausencias y un notable talento para el dibujo. Así, inesperadamente, el vínculo que se crea entre los dos, un extraño pacto tácito de amistad, va más allá de la atracción romántica y, para Alessandra, el primer invierno sin su madre cobra una nueva perspectiva que le devuelve las ganas de vivir. |
| 655 ## - MATERIA - GENERO/FORMA |
| Género/Forma |
Literatura |
| -- |
2917 |
| 942 ## - ADDED ENTRY ELEMENTS (KOHA) |
| Source of classification or shelving scheme |
Dewey Decimal Classification |
| Item type |
LITERATURA |